000 00613nam a2200181Ia 4500
003 GCL
008 140319s9999 xx 000 0 ara d
040 _aGCL /
_cGCL
082 0 4 _a895.03
_bو ن
100 1 _aمحمد على زيد (ترجمة)
245 1 0 _aنسناس (هدية من الاديب عبدالفتاح الجمل) /
_cمحمد على زيد (ترجمة)
700 1 _aوو- تشينج - ايه
300 _a370 ص
490 _aمن الادب العالمى
_v0
650 0 4 _aالادب الصينى المترجم
650 0 4 _aالقصة الصينية المترجمة
942 _2ddc
_cBK
999 _c40547
_d40547